00653nam a2200229 a 4500001001300000003000900013005001700022008004100039020001000080082001500090100001600105245002900121260002800150500003500178505003700213650001100250700001600261902000800277942000700285952011600292999001500408nice12345678IN_TiNIC20260116012813.0050524s1912 pata grp 000 0 ger  ac10000a297.4bBAU aBauer, Hans aDie Dogmatik Al-Ghazalis aPatnabHalle A.S.c1912 aincludes index and biblioraphy2 aIndex Subject and Index of Names aSufism1 aBauer, Hans bSRS cBK 001040708StackRoom-aHMIbHMId2007-08-09g100.00l0o297.4 BAUp012325r2007-08-09v100.00w2005-05-24yBK c8436d8436